Statistics for Highest-Scoring Jetpunk Quiz #20 in 15 Seconds

Click here to take the quiz!

General Stats

  • This quiz has been taken 14 times
  • The average score is 4 of 5

Answers on the Map

Answers color-coded by a green-red scale on the quiz's map according to % correct below.
 

Answer Stats

lake% Correct
Lake Erie
85%
Lake Michigan
85%
Lake Superior
85%
Lake Huron
77%
Lake Ontario
54%

Score Distribution

Percentile by Number Answered

Percent of People with Each Score

Your Score History

You have not taken this quiz